000 00799nam a22002177a 4500
999 _c7303
_d7303
003 AR-CdUCM
008 190320b ||||| |||| 00| 0 spa d
020 _a84-254-0749-4
040 _aMUNICIPALIDAD PROVINCIAL DEL CUSCO
_cBIBLIOTECA MUNICIPAL DEL CUSCO
082 _a530.1 /
_bA28
100 _aAgazzi, Evandro
_920601
245 _aTemas y problemas de filosofía de la física /
260 _aBarcelona :
_b Herder,
_c1978.
300 _a470 paginas ;
_c24 cm.
505 _aContenido :Ciencia y filosofía -- Fundamentos de la física -- Algunas cuestiones filosóficas fundamentales -- La variedad de los lenguajes -- El realismo científico ...
650 _aFísica
_92382
650 _aFilosofía
_9395
650 _aCiencias aplicadas
_920077
942 _2ddc
_cLIBROS
945 _arum